书目信息 |
| 题名: |
李鸿章全集
|
|
| 作者: | 栾兆鹏 主编 | |
| 分册: | 第十册 | |
| 出版信息: | 上海 上海译文出版社 1998.07 |
|
| 页数: | 5658~6274页 | |
| 开本: | 20cm | |
| 丛书名: | ||
| 单 册: | ||
| 中图分类: | K252.06 | |
| 科图分类: | ||
| 主题词: | 中国--历史--1840~1949 | |
| 电子资源: | ||
| ISBN: | 7-5327-1270-2 | |
| 000 | 00740nam0 2200217 45 | |
| 001 | 0201271082 | |
| 005 | 20031219104053.2 | |
| 010 | @a7-5327-1270-2@dCNY368.00 | |
| 100 | @a20020127d1998 km y0chiy0120 ea | |
| 101 | 0 | @achi |
| 105 | @ayc z 000yy | |
| 200 | 1 | @a李鸿章全集@ALi Hong Zhang Quan Ji@e校点、横排、简化字本@h第十册@EXiao Dian、Heng Pai、Jian Hua Zi Ben@f栾兆鹏主编@FLuan Zhao Peng Zhu Bian |
| 210 | @a上海@c上海译文出版社@d1998.07 | |
| 215 | @a5658~6274页@d20cm | |
| 517 | @a校点、横排、简化字本@AXiao Dian、Heng Pai、Jian Hua Zi Ben | |
| 600 | 0 | @a李鸿章 |
| 606 | 0 | @a中国@x历史@z1840~1949 |
| 690 | @aK252.06@v4 | |
| 701 | 0 | @a栾兆鹏@4主编 |
| 801 | @aCN@bTSTC@c20020127 | |
| 905 | @b305786-787@dK252.06@e17:10@f2 | |
| 李鸿章全集:校点、横排、简化字本.第十册/栾兆鹏主编.-上海:上海译文出版社,1998.07 |
| 5658~6274页;20cm |
| ISBN 7-5327-1270-2:CNY368.00 |
| ● |
| 相关链接 |
|
|
|
|
正题名:李鸿章全集
索取号:K252.06/17:10
 
预约/预借
| 序号 | 登录号 | 条形码 | 馆藏地/架位号 | 状态 | 备注 |
| 1 | 0305786 | 203057869 | 第二借阅区/ [索取号:K252.06/17:10] | 在馆 | |
| 2 | 0305787 | 203057878 | 第二样本阅览室/ [索取号:K252.06/17:10] | 在馆 |